000 01080nam a22002417a 4500
001 BRCA_9311
003 FranzMayer
005 20230913115102.0
008 230816b |||||||| |||| 00| 0 eng d
020 _a978-607-8880-00-3
040 _aMFM
_bespañol
_cMFM
050 0 _aTD481.M6
_bR44 2021
100 1 _4Autor
_aReguera Mancera, Loreta Castro
_929020
240 _aLa imagen del agua en la ciudad
_lesp
245 0 _aLa imagen del agua en la ciudad
260 _aMéxico
_bEstudios Arquitectónicos, Sistema Nacional de Creadores de Arte
_c2021
300 _a242 p.
_bIlustraciones a color
_c21 cm
500 _aL60/N6
505 _aTexto en: españolIncluye índice temáticoIncluye bibliografía 240-242 p.Dirigido a: arquitectos, ingenieros civiles, planeadores de ciudades, o personas con interés en construcción de ciudades
650 1 _2Tecnología arquitectónica
_aIngeniería civil
_vSistemas de la salud
_929021
651 2 _2Abastacimientos del agua en las ciudades
_aSistemas de distribución del agua
_vEl agua en México
_929022
942 _2lcc
_cB
999 _c10933
_d10933